| 000 | 00000nam 2200000zi 4500 |
| 001 | 9.921930 |
| 003 | CaOODSP |
| 005 | 20230425110649 |
| 006 | m o d f |
| 007 | cr bn||||||||| |
| 008 | 230425t19781978onca ob f000 0 eng d |
| 020 | |a0662102290 |q(print) |
| 040 | |aCaOODSP|beng|erda|cCaOODSP |
| 041 | 0 |aeng|beng|bfre |
| 043 | |an-cn--- |
| 086 | 1 |aEn42-1/3-78-8E-PDF |
| 086 | 1 |aEn43-3/78-8 |
| 100 | 1 |aBuffa, L., |eauthor. |
| 245 | 13|aAn assessment of the financial impact of federal guidelines on the Canadian metal finishing industry / |cby L. Buffa, Abatement and Compliance Branch, Water Pollution Control Directorate, Environmental Protection Service, Environment Canada and K.R. Coulter, consultant. |
| 264 | 1|a[Ottawa] : |bAbatement and Compliance Branch, Water Pollution Control Directorate, Environmental Protection Service, Environment Canada, |c1978. |
| 264 | 4|c©1978 |
| 300 | |a1 online resource (viii, 40 pages) : |billustrations. |
| 336 | |atext|btxt|2rdacontent |
| 337 | |acomputer|bc|2rdamedia |
| 338 | |aonline resource|bcr|2rdacarrier |
| 490 | 1 |a[Environmental Protection Service report series] |
| 500 | |aErrata slip inserted. |
| 500 | |a"Report no. EPS 3-WP-78-8." |
| 500 | |a"December 1978." |
| 500 | |aDigitized edition from print [produced by Environment and Climate Change Canada]. |
| 504 | |aIncludes bibliographical references (page 23). |
| 546 | |aIncludes abstracts in English and French. |
| 650 | 0|aMetals|xFinishing|xWaste disposal|zCanada|xCosts. |
| 650 | 0|aSewage|xPurification|zCanada|xCosts. |
| 650 | 0|aPollution control equipment|zCanada|xCosts. |
| 650 | 6|aMétaux|xFinition|xDéchets|xÉlimination|zCanada|xCoût. |
| 650 | 6|aEaux usées|xÉpuration|zCanada|xCoût. |
| 650 | 6|aTechnique de l'environnement|xAppareils et matériel|zCanada|xCoût. |
| 710 | 1 |aCanada. |bEnvironmental Protection Service, |eissuing body. |
| 710 | 1 |aCanada. |bWater Pollution Control Directorate, |eissuing body. |
| 830 | #0|aEnvironmental Protection Service report series.|w(CaOODSP)9.866031 |
| 856 | 40|qPDF|s1,005 KB|uhttps://publications.gc.ca/collections/collection_2023/eccc/en42/En42-1-3-78-8-eng.pdf |